00639nam a2200181Ia 4500952014800000999001700148003000400165005001700169008004100186040000900227082002200236100002100258245006300279260004100342300000900383650001400392942005100406 00102ddc40708GENERAL COLLECTIONSaMESbMEScGENd2019-02-20g360.00l0o378.540904 GUP/Hp19627r2019-02-20 00:00:00w2019-02-20yREFzU4R4 c36165d36165OSt20201209122919.0190216s9999||||xx |||||||||||||| ||und|| coclc a378.540904bGUP/H aGupta, O P97346 0aHigher Education In India Since Indenpendence /cO P Gupta bConcept Pubs Company,c1993.aDelhi: a299p aEducation cREF2ddch378.540904iGUP/Hk378.540904mGUP/H